Score 0/20 Timer 10:00
0 Plays Today
Hint Answer % Correct
MustangFord
95.8%
CivicHonda
91.7%
TacomaToyota
70.8%
R8Audi
70.8%
La FerrariFerrari
70.8%
BeetleVolkswagen
62.5%
MalibuChevy
45.8%
SportageKia
45.8%
PhantomRollsRoyce
41.7%
EscaladeCadillac
37.5%
Hint Answer % Correct
SeiarraGMC
33.3%
RenagadeJeep
33.3%
LancerMitsubishi
29.2%
F typeJaguar
29.2%
DefenderLandrover
25%
3Mazda
20.8%
ContanentelLincon
20.8%
SonataHundai
16.7%
AventadorLamborgini
16.7%
ModelSOldsmobile
12.5%
Remove Ads.
Support Sporcle.
Get the best of Sporcle when you Go Orange. This ad-free experience offers more features, more stats, and more fun while also helping to support Sporcle. Thank you for becoming a member.

You're not logged in!

Compare scores with friends on all Sporcle quizzes.
OR
Log In

Sporcle TV

Today on Sporcle TV


Watch our educational content, quiz creation guides, and fun videos on Sporcle TV.

Show Comments

Extras

Created Nov 24, 2017ReportNominate
Tags:car, Manufacturer

Top Quizzes Today


Score Distribution

Paid Content

Your Account Isn't Verified!

In order to create a playlist on Sporcle, you need to verify the email address you used during registration. Go to your Sporcle Settings to finish the process.

Report this User

Report this user for behavior that violates our Community Guidelines.

Details: